00410nam a2200157Ia 4500008004100000020001500041041001200056082001600068100001700084245007800101250000800179260002500187300000800212650001600220700001600236221030s9999 xx 000 0 und d a0070486778 aEnglish a105.23bRog aD. F. Rogers 0aMathematical Elements for Computer Graphicscby D. F. Rogers, J. A. Adams a2nd bTMHaNew Delhic2004 a611 aBE Computer aJ. A. Adams